000 02379cam a22004574i 4500
003 PE-LiUPU
005 20250731172901.0
008 s txt rb 001 0 eng d
020 _a080102966X
020 _a9780801029660
035 _a(Sirsi) a165968
040 _aPE-LiUPU
_bspa
_cPE-LiUPU
_erda
049 _aPRUA
082 0 4 _a261.8
_bY21
_223
100 1 _aYan Tan, Siang,
_eautor.
245 1 0 _aCounseling and psychotherapy :
_ba Christian perspective /
_cSiang-Yang Tan.
264 1 _aGrand Rapids, MI :
_bBaker Academic,
_c2011.
300 _a494 páginas ;
_c24 centimetros.
336 _atext
_2rdacontent
337 _aunmediated
_2rdamedia
338 _avolume
_2rdacarrier
504 _aBibliografía : páginas 401-472.
504 _aIndice : páginas 473-494.
505 0 4 _aBasic issues in the practice of counseling and psychotherapy -- Overview of counseling and psychotherapy: theory, research, and practice -- The person of the counselor -- Legal and ethical issues in counseling and psychotherapy -- Major counseling and psychotherapy theories and techniques -- Psychoanalytic therapy -- Adlerian therapy -- Jungian therapy -- Existential therapy -- Person-centered therapy -- Gestalt therapy -- Reality therapy -- Behavior therapy -- Cognitive behavior therapy and rational emotive behavior therapy -- Marital and family therapy -- A christian approach to counseling and psychotherapy -- Christian theology in christian counseling: a biblical perspective on human nature and effective counseling and psychotherapy -- Christian faith in clinical practice: implicit and explicit integration -- The Holy Spirit and christian spirituality in counseling and psychotherapy -- Legal and ethical issues in christian counseling and psychotherapy -- Appendix: is psychotherapy effective?
526 _aSEG42
526 _aSEG41
526 _aSEG40
526 _aSEG39
526 _aP94
526 _aP87
526 _aP86
526 _aP85
526 _aP77
526 _aP76
526 _aP35
650 0 4 _aEtica crisitiana.
596 _a1
942 _2ddc
_cBOOK
999 _a261.8 Y21
_wLC
_c14705
_i75538
_f2021-11-10
_g5
_lCCODEBUL1
_mBUL
_r0
_sY
_tBOOK
_u2017-1-10
_xTEOLOGIA
_PP85
_0COMPRA
_o.STAFF. Colección Teología
_d14705
980 _81
_gALBERTO SANCHEZ Responsable de Automatización